00574nam a2200169 a 450000100100000000500170001000800410002704000250006810000380009324500440013126000450017530000270022050400260024704900090027395201050028299900170038700003114120200930062729.0110614s2005 dr ac 000 0 spa d aDO-SdBNPbspacBNPHU1 aGausachs, Josepd1889-195995761710aMemoria de dos mares /cJosep Gausachs. aSanto Domingo :bMuseo Bellapart,c2005. a48 p. :bil, ;c28 cm. aBibliografía: p. 48 aBNPD 0010718PDaPDbPDcCTd2011-06-14iLF1l0o p31141-10r2020-06-25w2020-06-25yLFPDZNo se presta c30633d30633